000
00286nam a22001097a 4500
082
_a
662.6 FUT'C
100
_a
COLUCCI, J. M
_9
76016
245
_a
FUTURE AUTOMATIC FUELS PROSPECTS PERFORMANCE AND PERSPECTIVE
260
_a
NEWYORK
_b
PLEUM PRESS
_c
1977
300
_a
IX, 380P
942
_c
BK
999
_c
581416
_d
581416